<?xml version="1.0" encoding="utf-8"?>
<?xml-stylesheet type='text/xsl' href='./oai2.xsl'?>
<OAI-PMH xmlns="http://www.openarchives.org/OAI/2.0/" xmlns:xsi="http://www.w3.org/2001/XMLSchema-instance" xsi:schemaLocation="http://www.openarchives.org/OAI/2.0/ http://www.openarchives.org/OAI/2.0/OAI-PMH.xsd">
  <responseDate>2026-06-05T18:02:49Z</responseDate>
  <request verb="GetRecord" metadataPrefix="marcxml" identifier="record_kuniweb_1365580">https://kulturerbe.niedersachsen.de/oai</request>
  <GetRecord>
    <record>
      <header>
        <identifier>record_kuniweb_1365580</identifier>
        <datestamp>2020-03-02T08:09:03Z</datestamp>
        <setSpec>slg0239</setSpec>
      </header>
      <metadata>
        <marc:record xmlns:marc="http://www.loc.gov/MARC21/slim" xsi:schemaLocation="http://www.loc.gov/MARC21/slim http://www.loc.gov/standards/marcxml/schema/MARC21slim.xsd">
          <marc:leader>12345nem  22     uu 4500</marc:leader>
          <marc:controlfield tag="001">1365580</marc:controlfield>
          <marc:controlfield tag="003">http://kuniweb.gbv.de</marc:controlfield>
          <marc:controlfield tag="005">2020-03-02T07:27:28</marc:controlfield>
          <marc:controlfield tag="008">|           ||||||||||||||||||||||</marc:controlfield>
          <marc:datafield tag="245" ind1="1" ind2="0">
            <marc:subfield code="a">Circvlvs Westphalicvs Sive Germaniæ Inferioris / [Joan Blaeu]</marc:subfield>
          </marc:datafield>
          <marc:datafield tag="655" ind1=" " ind2="7">
            <marc:subfield code="a">Karten</marc:subfield>
          </marc:datafield>
          <marc:datafield tag="046" ind1=" " ind2=" ">
            <marc:subfield code="k">1640</marc:subfield>
            <marc:subfield code="k">ca. 1640 - ca. 1663</marc:subfield>
            <marc:subfield code="l">1663</marc:subfield>
          </marc:datafield>
          <marc:datafield tag="260" ind1=" " ind2=" ">
            <marc:subfield code="g">1640</marc:subfield>
            <marc:subfield code="g">1663</marc:subfield>
            <marc:subfield code="g">ca. 1640 - ca. 1663</marc:subfield>
          </marc:datafield>
          <marc:datafield tag="300" ind1=" " ind2=" ">
            <marc:subfield code="a">Breite: 53 cm
Höhe: 40 cm</marc:subfield>
          </marc:datafield>
          <marc:datafield tag="520" ind1=" " ind2=" ">
            <marc:subfield code="a">Im Jahr 1500 wurde das Reich von Kaiser Maximilian I. in zehn Reichskreise eingeteilt. Der Niederrheinisch-Westfälische Reichskreis umfasste den Nordwesten vom Niederrhein bis zur Küste und im Osten bis zur Weser. Auch die Grafschaft Oldenburg gehörte dazu.
Die Karte des Westfälischen Reichskreises stammt aus dem Großen Atlas von Joan Blaeu (1596 – 1673). Die Niederländische Verleger- und Kartographenfamilie Blaeu brachte im 17. Jahrhundert viele Einzelkarten und prächtige Atlanten heraus. Willem Janszoon Blaeu (1571 – 1638) studierte bei Tycho Brahe Astronomie und Kartographie. 1633 wurde Blaeu offizieller Kartograph der Niederländischen Ostindien-Kompanie (VOC). Sein Sohn Joan Blaeu führte den Verlag erfolgreich fort, bis 1672 ein Brand die Werkstatt in Amsterdam und mit ihr die kostbaren Kupferplatten vernichtete. (Landesbibliothek Oldenburg)

Maßstab: 1 zu 710000</marc:subfield>
          </marc:datafield>
          <marc:datafield tag="773" ind1="0" ind2=" ">
            <marc:subfield code="t">Schaufenster Kartensammlung</marc:subfield>
          </marc:datafield>
          <marc:datafield tag="852" ind1=" " ind2=" ">
            <marc:subfield code="a">Landesbibliothek Oldenburg</marc:subfield>
          </marc:datafield>
          <marc:datafield tag="" ind1=" " ind2=" ">
            <marc:subfield code="a">Namensnennung - Weitergabe unter gleichen Bedingungen 4.0 International (CC BY-SA 4.0)</marc:subfield>
          </marc:datafield>
        </marc:record>
      </metadata>
    </record>
  </GetRecord>
</OAI-PMH>
